00347nam a2200133Ia 45000030006000000080041000060400015000471000032000622450056000942500010001502600024001605460012001840050017001960STCL150530s9999 xx 000 0 und d aSTCLcSTCL aDudley, D.R.; Lay, D.M.; Ed aClassical byzantine oriental and African literature aFirst bPenguin booksc1969 aEnglish20220125170912.0